Movies Quiz

Random Movies or Clickable Quiz
Score 0/28 Timer 06:00
0 Plays Today
% Correct
Assistant Groundskeeper
90.5%
Paranormal Investigator
90%
US Army Private
81.3%
Weatherman
74.3%
Professional Bowler
71.1%
Oceanographer
70.8%
Liaison to Private Investigative Team
65.6%
Camp Counselor
60.4%
Television Executive
51.4%
Actor
46.7%
US President
37.5%
Adviser to the Head of Denmark Corporation
37.3%
Actor
37.3%
Attorney
32.1%
% Correct
Bank Robber
31%
Attorney
29.8%
Mobster
26.1%
Journalist
22%
Zookeeper
19.9%
Attorney
19.6%
Industrialist
18.6%
Mayor
18.6%
Neurologist
17.3%
Playwright
15.9%
Funeral Parlor Owner
14.6%
Mobster
12.9%
Motivational Speaker
11.8%
Ventriloquist
5.6%

You're not logged in!

Compare scores with friends on all Sporcle quizzes.
OR
Log In

Sporcle TV

Today on Sporcle TV


Watch our educational content, quiz creation guides, and fun videos on Sporcle TV.

Show Comments

Extras

Top Quizzes Today


Score Distribution

Paid Content

Your Account Isn't Verified!

In order to create a playlist on Sporcle, you need to verify the email address you used during registration. Go to your Sporcle Settings to finish the process.

Report this User

Report this user for behavior that violates our Community Guidelines.

Details: